Perspektívy vývoja obchodnej spolupráce medzi EÚ a Indiou v kontexte rokovaní o voľnom obchode diplomová práca

Gespeichert in:
Bibliographische Detailangaben
1. Verfasser: Hegedus, Erik
Körperschaft: Obchodná fakulta EU. Katedra medzinárodného obchodu
Weitere Verfasser: Drieniková, Kristína, 1982-
Format: Buch
Sprache:Slowakisch
Veröffentlicht: Bratislava 2014
Tags: Tag hinzufügen
Keine Tags, Fügen Sie das erste Tag hinzu!

MARC

LEADER 00000nbm a2200000 4500
001 0186260
005 20170201095814.1
041 0 |a slo 
044 |a SK 
245 1 0 |a Perspektívy vývoja obchodnej spolupráce medzi EÚ a Indiou v kontexte rokovaní o voľnom obchode  |b diplomová práca  |c Erik Hegedűs ; školiteľ: Kristína Drieniková 
264 1 |a Bratislava  |c 2014 
300 |a 82 s. 
100 1 |a Hegedus, Erik 
700 1 |a Drieniková, Kristína, 1982- 
710 2 |a Obchodná fakulta EU. Katedra medzinárodného obchodu